[Event "Bad Woerishofen op"]
[Site "Bad Woerishofen"]
[Date "2001.??.??"]
[Round "5"]
[White "Sprenger, Jan"]
[Black "Naiditsch, Arkadij"]
[Result "1-0"]
[WhiteElo "2326"]
[BlackElo "2484"]
[Annotator "ChessOrg"]
[PlyCount "125"]
[EventDate "1998.03.05"]
[Source "ChessBase"]
[SourceDate "1998.04.29"]

1. e4 {B87: Sizilianisch (Sosin-Angriff)} 1... c5 2. Nf3 d6 3. d4 cxd4 4. Nxd4
Nf6 5. Nc3 a6 6. Bc4 e6 7. Bb3 b5 8. Bg5 Be7 9. Qf3 Qc7 10. e5 Bb7 11. exd6
Bxd6 12. Qe3 12... h6 {letzter Buchzug} 13. Bxf6 gxf6 14. Nd5 Bxd5 (14... Qa5+
15. c3 Be5 16. Nxe6 Bxd5 17. Ng7+ Kf8 18. Bxd5 $18) 15. Bxd5 Ra7 16. g3 (16.
Rd1 16... Rg8 $11 (16... Bxh2 $2 17. g3 $18)) 16... Be5 (16... Bc5 17. c3 Kf8
18. Be4 $17) 17. O-O-O (17. Bg2 Qc4 18. Nxb5 18... Rd7 $14) 17... Qc5 (17...
exd5 18. f4 18... Nd7 $11) 18. Be4 Rd7 19. Nc6 Qxe3+ 20. fxe3 O-O 21. Nxb8
Rxd1+ 22. Rxd1 Rxb8 23. Rd7 Kg7 24. Rb7 Rd8 25. Rb6 f5 26. Bd3 Ra8 27. a4 Bf6 (
27... bxa4 28. Rxa6 Rxa6 29. Bxa6 $14) 28. c3 (28. axb5 axb5 29. Rxb5 Ra1+ 30.
Kd2 30... Rh1 $14) 28... Bg5 29. Kd2 bxa4 30. Rxa6 Rb8 31. Kc2 (31. Rxa4 $143
31... Rxb2+ 32. Bc2 Bxe3+ 33. Kd3 33... Bc5 $15) 31... Bxe3 32. Rxa4 Kf6 33.
Ra1 Kg5 34. Re1 Bc5 35. Be2 e5 (35... Be3 36. b4 $14) 36. Bc4 f6 37. Rf1 (37.
b4 37... Bb6 $16) 37... Re8 (37... Be3 38. Be6 f4 39. gxf4+ exf4 40. Rd1 $14)
38. b4 $16 38... Bb6 39. Be2 e4 40. c4 Be3 41. c5 (41. h4+ 41... Kg6 $16) 41...
f4 $14 42. gxf4+ Bxf4 43. h4+ Kf5 44. Kb3 Ke5 45. b5 Be3 46. Kb4 f5 47. Rd1 Rc8
48. c6 f4 (48... Bd4 49. h5 $11) 49. Bg4 Rc7 50. Rd8 f3 51. Kc4 Rg7 52. Re8+
Kf4 53. Bh5 53... f2 $2 (53... Rf7 $1 $142 54. Rxe4+ $5 54... Kxe4 55. Bxf7 f2
56. Bd5+ 56... Ke5 $14) 54. Kd5 $18 54... Bb6 55. Rxe4+ Kg3 56. Be2 Ra7 57.
Rg4+ Kh2 58. Rg8 Ra2 59. Bf1 Ra1 60. Bc4 (60. Rg2+ Kh1 61. c7 Rxf1 62. c8=Q
Kxg2 63. Qg4+ Kh2 64. Qf4+ Kh1 65. Qe4+ (65. Qxh6 $4 65... Rd1+ 66. Kc6 66...
Ba5 $19) 65... Kh2 66. Qe5+ Kg2 67. Qg7+ Kh1 68. Qg4 $11) 60... Rc1 (60... Rd1+
61. Ke6 Rc1 62. Bd3 $11) 61. Rf8 61... h5 $4 (61... Rd1+ $142 62. Ke6 62... Rc1
$11) 62. Rxf2+ $3 $18 62... Kg3 63. Rf7 (63. Rf7 Rd1+ 64. Ke6 $18) 1-0

[Event "Bad Woerishofen op"]
[Site "Bad Woerishofen"]
[Date "2001.??.??"]
[Round "6"]
[White "Sprenger, Jan"]
[Black "Glek, Igor"]
[Result "1-0"]
[WhiteElo "2325"]
[BlackElo "2550"]
[Annotator "ChessOrg"]
[PlyCount "76"]
[EventDate "1998.03.05"]
[Source "ChessBase"]
[SourceDate "1998.04.29"]

1. e4 {B06: Moderne Verteidigung} 1... g6 2. d4 Bg7 3. Nc3 Nc6 4. f4 d6 5. Bb5
a6 6. Bxc6+ bxc6 7. Nf3 Nf6 8. O-O O-O 9. Qe1 {letzter Buchzug} 9... Nd7 10. f5
e6 11. Bg5 f6 12. Bd2 exf5 13. exf5 Re8 14. Qg3 Nf8 15. fxg6 hxg6 16. Nh4 Kh7
17. Rae1 Rb8 18. Ne4 (18. b3 Rxe1 19. Rxe1 19... Qd7 $14) 18... Bd7 (18... Rxb2
19. Nxf6+ Bxf6 20. Rxe8 Qxe8 (20... Bxd4+ $2 21. Be3 Qxe8 22. Bxd4 $18) 21.
Rxf6 21... Kg7 $14 (21... Rxc2 $4 22. Rxf8 Qxf8 23. Qxg6+ Kh8 24. Qxc2 $18) (
21... Rxa2 $6 22. Bc3 Ra3 23. d5 $11)) 19. Bc3 $14 19... Re6 20. Nf3 Rb5 21. a4
Rd5 22. Bd2 Qe8 23. c4 Rxe4 (23... Rh5 $5 24. Qf4 24... Rf5 $11) 24. Rxe4 $16
24... Qxe4 25. cxd5 Qxd5 26. Qh4+ Kg8 27. Bh6 g5 28. Qh5 Bf5 29. Bxg7 Kxg7 30.
Qe8 Ng6 31. h3 Be4 32. Qd7+ Kh6 33. Qxc7 Bxf3 34. Rxf3 (34. gxf3 $143 34...
Qxd4+ 35. Rf2 35... c5 $11) 34... Qxd4+ 35. Kh1 (35. Rf2 Nf4 36. Qe7 36... Kg6
$11) 35... Nf4 36. Qb8 (36. Qxc6 $2 36... Ne2 37. Rxf6+ 37... Qxf6 $19) 36...
Qd2 37. Qf8+ Kg6 38. Qe8+ Kh6 1-0

[Event "Bad Woerishofen op"]
[Site "Bad Woerishofen"]
[Date "2001.??.??"]
[Round "9"]
[White "Sprenger, Jan"]
[Black "Simutowe, Amon"]
[Result "0-1"]
[WhiteElo "2326"]
[BlackElo "2462"]
[Annotator "ChessOrg"]
[PlyCount "58"]
[EventDate "1998.03.05"]
[Source "ChessBase"]
[SourceDate "1998.04.29"]

1. e4 {B44: Sizilianisch (Paulsen/Taimanow-Variante)} 1... c5 2. Nf3 Nc6 3. d4
cxd4 4. Nxd4 e6 5. Nb5 d6 6. c4 a6 7. N5a3 Nf6 8. Nc3 Be7 9. Be2 O-O 10. O-O b6
11. Be3 Qc7 12. Rc1 Ne5 13. f4 Ned7 14. Bf3 Bb7 15. g4 {letzter Buchzug} 15...
h6 16. h4 Nh7 17. Qe1 Qd8 18. g5 e5 19. f5 (19. gxh6 $5 $142 19... Bxh4 20. Qd2
gxh6 21. Qxd6 exf4 22. Bxf4 $14) 19... hxg5 $17 20. h5 Ndf6 (20... Nhf6 21. Qe2
Nc5 22. Bxg5 Nfxe4 23. Bxe7 Nxc3 24. Rxc3 Qxe7 25. f6 gxf6 26. Bxb7 Nxb7 27.
Rg3+ Kh7 28. Qe4+ Kh8 29. Qe3 $11) 21. Qg3 $15 21... g4 22. h6 gxh6 23. Bxh6
Kh8 (23... Re8 $5 $17 $142) 24. Bxf8 $14 (24. Bxg4 $4 24... Rg8 (24... Nxe4 25.
Nxe4 Bxe4 26. Bxf8 Qxf8 27. Rce1 $14) 25. Qh3 25... Nxg4 $19) 24... Qxf8 25.
Kf2 (25. Bg2 $11 $142) 25... gxf3 26. Rh1 Bxe4 (26... Nxe4+ 27. Nxe4 Bxe4 28.
Rxh7+ Kxh7 29. Rh1+ Qh6 30. Rxh6+ Kxh6 31. Qh3+ Kg5 32. Kg3 $11) 27. Rxh7+ Nxh7
28. Nxe4 Qh6 29. Rg1 (29. f6 Nxf6 30. Qxf3 Qxc1 31. Nxf6 $19) 29... Bh4 (29...
Bh4 30. Kxf3 Bxg3 31. Nxg3 31... Rg8 $19) 0-1

[Event "Bad Woerishofen op"]
[Site "?"]
[Date "2001.??.??"]
[Round "1"]
[White "Stelzer, Wolfgang"]
[Black "Lada, Ireneusz"]
[Result "0-1"]
[WhiteElo "1818"]
[BlackElo "2216"]
[Annotator "ChessOrg"]
[PlyCount "116"]
[EventDate "2000.??.??"]

1. c4 {A10: Abarten von Hollaendisch, Damenindisch, Koenigsindisch (ohne d2-d4)
} 1... b6 2. Nf3 Bb7 3. e3 e6 4. Be2 f5 5. Nc3 Nf6 6. b3 g6 7. Bb2 Bg7 8. d4
O-O 9. O-O 9... Qe7 {letzter Buchzug} 10. Nd2 d5 11. Bf3 Ne4 12. cxd5 exd5 13.
Rc1 c6 14. Re1 Nd7 15. g3 Rae8 16. Bg2 Ndf6 17. f3 Nd6 18. Ba3 Qd7 19. Bh3 Rf7
20. Nf1 Rfe7 21. Qc2 Bh6 22. Nd1 Re6 23. Kf2 Qf7 24. Bxd6 Rxd6 25. Nb2 Ba6 26.
Qd2 Rde6 27. Rc3 Bf8 (27... Ng4+ 28. Bxg4 fxg4 29. f4 $17) 28. Rc2 h5 (28...
Ng4+ 29. Bxg4 fxg4 30. f4 $19) 29. Bg2 c5 30. Na4 (30. dxc5 $5 $142 30... bxc5
31. Kg1 $15) 30... cxd4 $19 31. Qxd4 Bg7 32. Qd2 d4 33. Kg1 (33. Qxd4 $4 33...
Ng4+ $1 34. fxg4 34... Bxd4 $19) 33... d3 (33... Bxf1 $5 34. Rxf1 34... dxe3
$17) 34. Rcc1 $15 34... Nd5 35. f4 Nf6 36. Nc3 Ne4 (36... Bf8 37. Nd5 Ne4 38.
Qb2 $15) 37. Nxe4 fxe4 38. Bh3 Rd6 39. Qb4 Bf8 40. Nd2 Rd5 41. Qc3 Ba3 42. Rcd1
Qe7 (42... Bc5 $15) 43. Rf1 (43. Qc6 Qf7 44. Qc3 $15) 43... Bb4 (43... Qc5 44.
Qxc5 Bxc5 45. Kf2 $15) 44. Qb2 (44. Qc6 $5 $142 44... Rd6 45. Qa4 $11) 44...
Qc5 $19 45. Rfe1 $4 (45. Nc4 Bxc4 46. bxc4 $17) 45... Bc3 (45... Qc2 $142 46.
Rb1 46... Qxd2 $19 (46... Bxd2 47. Qf6 Qc7 48. Qxg6+ Kf8 49. Be6 Rxe6 50. Qxe6
$19)) 46. Qc1 $15 46... Rd6 47. Bg2 Bb7 48. a3 Bd5 49. b4 Qc8 50. h3 Rc6 51.
Qb1 Qe6 52. b5 Rc5 (52... Ba2 53. Qc1 Rcc8 54. a4 $19 (54. Bxe4 $4 54... Qxh3
55. Bg2 55... Qxg3 $19)) 53. a4 Rec8 (53... Ba2 54. Qc1 Ba5 55. Qa1 $19) 54.
Rf1 $2 (54. h4 $17 $142) 54... Ba2 $19 55. Qc1 55... Bd4 $1 56. exd4 (56. f5
Bxe3+ 57. Kh2 gxf5 58. Qa1 $19) 56... Rxc1 57. Rxc1 Rxc1 58. Rxc1 e3 (58... e3
59. Nf1 59... d2 $19) 0-1

[Event "Bad Woerishofen op"]
[Site "Bad Woerishofen"]
[Date "2001.??.??"]
[Round "3"]
[White "Stelzer, Wolfgang"]
[Black "Emami, Madjid"]
[Result "0-1"]
[WhiteElo "1818"]
[BlackElo "2140"]
[Annotator "ChessOrg"]
[PlyCount "120"]
[EventDate "1998.03.05"]
[Source "ChessBase"]
[SourceDate "1998.04.29"]

1. c4 {A26: Englische Eroeffnung (Sizilianisch im Anzug)} 1... g6 2. g3 Bg7 3.
Bg2 e5 4. Nc3 Ne7 5. Nf3 O-O 6. O-O Nbc6 7. d3 d6 8. Rb1 8... f5 {
letzter Buchzug} 9. e3 Qe8 10. Ne2 h6 11. b4 g5 (11... e4 12. dxe4 fxe4 13. Nd2
$11) 12. b5 $14 12... Nd8 13. Bb2 g4 14. Nd2 Qh5 15. d4 Nf7 16. f3 gxf3 17.
Nxf3 Ng6 18. h3 Ng5 19. h4 Nf7 20. Nh2 20... f4 $2 (20... Ne7 $5 $11 $142) 21.
Bf3 Qf5 22. Bg4 Qe4 23. exf4 exd4 (23... Qe3+ 24. Kg2 $16) 24. Bxd4 (24. Nxd4
c5 25. bxc6 bxc6 26. Re1 Bxd4+ 27. Bxd4 (27. Qxd4 $6 27... Qxd4+ 28. Bxd4 28...
c5 $18) 27... Bxg4 28. Nxg4 $18 (28. Rxe4 $6 28... Bxd1 29. Rxd1 29... Rfe8 $18
)) 24... Bxg4 25. Nxg4 Nfe5 (25... Nxh4 26. gxh4 Bxd4+ 27. Nxd4 $18) 26. Bxe5 (
26. Nf2 $142 26... Nf3+ 27. Kh1 $18) 26... dxe5 $14 27. Qd5+ Qxd5 28. cxd5 exf4
29. Kg2 (29. Nxf4 $5 $142 29... Nxf4 30. gxf4 $11) 29... h5 $17 30. Nh2 fxg3
31. Kxg3 (31. Nxg3 Nf4+ 32. Kh1 32... Rad8 $17) 31... Be5+ (31... Rae8 $5 32.
Rxf8+ 32... Bxf8 $19 (32... Nxf8 $6 33. Nf4 $15)) 32. Kh3 $17 32... Rae8 33.
Nf3 (33. Rxf8+ $5 33... Rxf8 34. Rf1 $17) 33... Bd6 $19 34. Nfg1 (34. Ned4 $5
34... Nf4+ 35. Kh2 Nxd5+ 36. Kh1 36... Kh8 $19) 34... Re3+ 35. Kg2 Nxh4+ 36.
Kh1 Nf5 37. Kg2 $4 (37. Rf3 37... Re4 $19) 37... Rd3 (37... Re4 $142 38. b6
Ne3+ 39. Kh3 Rxf1 40. bxa7 Ra4 41. Rxf1 41... Nxf1 $19) 38. Kh1 Rxd5 39. a4 Rd2
40. Rb3 Nd4 41. Rxf8+ Kxf8 42. Re3 Nxe2 (42... c5 43. Kg2 $19) 43. Nxe2 Kf7 44.
Kg2 Kf6 45. Kf3 Be5 46. Ng3 Bxg3 47. Kxg3 Rc2 48. a5 (48. Re8 48... c6 $19)
48... Rc5 49. Rb3 a6 50. bxa6 bxa6 51. Ra3 Ke6 52. Kf4 Kd5 53. Ke3 Kc4 54. Ra4+
Kc3 55. Ra1 Kb4 56. Kd4 Rb5 (56... Rg5 $5 57. Kd3 $19) 57. Rc1 c5+ 58. Kd5 (58.
Kd3 Kxa5 59. Ra1+ Kb4 60. Rxa6 c4+ 61. Kd4 61... Kb3 $19) 58... Kxa5 59. Rc4 (
59. Re1 $19) 59... Rb4 60. Rxc5+ (60. Rc3 Kb6 61. Re3 $19) 60... Rb5 (60... Rb5
61. Rxb5+ 61... Kxb5 $19) 0-1

[Event "Bad Woerishofen op"]
[Site "Bad Woerishofen"]
[Date "2001.??.??"]
[Round "5"]
[White "Stelzer, Wolfgang"]
[Black "Hohner, Karl-Heinz"]
[Result "0-1"]
[WhiteElo "1818"]
[BlackElo "2057"]
[Annotator "ChessOrg"]
[PlyCount "58"]
[EventDate "1998.03.05"]
[Source "ChessBase"]
[SourceDate "1998.04.29"]

1. c4 {A22: Englische Eroeffnung} 1... e5 2. Nc3 Nf6 3. g3 d5 4. cxd5 Nxd5 5.
Bg2 Nb6 6. e3 {letzter Buchzug} 6... Nc6 7. a3 Bf5 8. Nge2 (8. Bxc6+ bxc6 9. e4
9... Be6 $11) 8... Bd3 9. b4 a6 10. Na4 Be7 (10... Nxa4 11. Qxa4 e4 12. Nc3 $15
) 11. Bb2 (11. Nxb6 cxb6 12. Bb2 12... O-O $11) 11... O-O (11... Nc4 12. Nc1
$15) 12. Rc1 (12. Nxb6 cxb6 13. f4 13... a5 $11) 12... Qd7 (12... Nc4 13. Nec3
$15) 13. Nc5 Bxc5 14. Rxc5 e4 15. Nf4 Rad8 16. Bh3 Qd6 17. Qg4 g6 18. Qh4 Bb5
19. d4 (19. Bc3 19... f5 $11) 19... Na4 (19... exd3 20. O-O 20... f5 $17) 20.
Ba1 $2 (20. Rd5 $5 $142 20... Qe7 21. Ba1 $15) 20... Nxc5 $17 21. bxc5 Qe7 22.
Qh6 f5 (22... Ne5 23. Bg2 23... Ng4 $19) 23. d5 $2 (23. g4 $142 23... fxg4 24.
Bxg4 $17) 23... Ne5 $19 24. Bd4 Nf3+ 25. Kd1 Nxd4 26. exd4 Qf6 27. Ne6 Rfe8 28.
Bxf5 (28. Ke1 $19) 28... Rxd5 29. Bxg6 (29. Bh3 Bd7 30. Qf4 Rxd4+ 31. Nxd4
Qxd4+ 32. Qd2 Qa4+ 33. Qc2 Qxc2+ 34. Kxc2 34... Bxh3 $19) 29... Qxg6 (29...
Qxg6 30. Qxg6+ hxg6 31. Nxc7 Rxd4+ 32. Ke1 Red8 33. Nxb5 Rd1+ 34. Ke2 34...
Rxh1 $19) (29... hxg6 $5 30. Qg7+ Qxg7 31. Nxg7 Kxg7 32. Kc1 $19) 0-1

[Event "Bad Woerishofen op"]
[Site "Bad Woerishofen"]
[Date "2001.??.??"]
[Round "7"]
[White "Stelzer, Wolfgang"]
[Black "Pruesse, Horst"]
[Result "0-1"]
[WhiteElo "1818"]
[BlackElo "2042"]
[Annotator "ChessOrg"]
[PlyCount "74"]
[EventDate "1998.03.05"]
[Source "ChessBase"]
[SourceDate "1998.04.29"]

1. c4 {A29: Englische Eroeffnung (Vierspringer-Variante)} 1... e5 2. Nc3 Nf6 3.
g3 d5 4. cxd5 Nxd5 5. Bg2 Nb6 6. d3 Be7 7. Nf3 Nc6 8. O-O O-O 9. a3 f5 10. Qc2
{letzter Buchzug} 10... Be6 11. e3 a5 12. b3 Bf6 13. Bb2 Qd7 14. Rab1 Rad8 15.
Rfd1 Nd5 16. Na4 Qf7 17. Ba1 f4 (17... Bc8 18. Rbc1 $11) 18. e4 Nde7 19. Nc5
Bc8 (19... fxg3 20. fxg3 20... Bc8 $11) 20. Qc4 (20. gxf4 Ng6 (20... exf4 $2
21. e5 $18) 21. fxe5 Ngxe5 22. Nxe5 Bxe5 23. Bxe5 23... Nxe5 $11) 20... Ng6 (
20... fxg3 $5 21. fxg3 21... b6 $15) 21. Qb5 $11 21... Rd6 22. Nxb7 Bxb7 23.
Qxb7 Rb8 24. Qa6 Rb6 25. Qc8+ Rd8 26. Qg4 Rxb3 27. Bf1 (27. Rxb3 $5 27... Qxb3
28. Nd2 $11) 27... fxg3 28. hxg3 Nd4 (28... Rxa3 29. Rdc1 Rd6 30. Rb7 $15) 29.
Bxd4 $11 29... exd4 30. Ng5 (30. Rxb3 $5 30... Qxb3 31. Rc1 $11) 30... Bxg5 $15
31. Qxg5 Rf8 32. Qd5 (32. f4 $5 $142 32... Rxa3 33. Qc5 $11) 32... Qxd5 $17 33.
exd5 Rxa3 34. Rbc1 Rf7 (34... Ra2 35. f4 Re8 36. Bh3 $17) 35. Rc4 $2 (35. Ra1
$142 35... Rc3 36. Rxa5 $11) 35... Ne5 $19 36. Rc5 (36. Rc2 36... a4 $19) 36...
Ra2 37. Bh3 $4 (37. Bg2 Rfxf2 38. Be4 Nf3+ 39. Bxf3 Rxf3 40. g4 $19) 37...
Rfxf2 (37... Rfxf2 38. Be6+ 38... Kh8 $19) 0-1

[Event "Bad Woerishofen op"]
[Site "Bad Woerishofen"]
[Date "2001.??.??"]
[Round "9"]
[White "Stelzer, Wolfgang"]
[Black "Joachim, Klaus"]
[Result "1-0"]
[WhiteElo "1818"]
[BlackElo "1600"]
[Annotator "ChessOrg"]
[PlyCount "73"]
[EventDate "1998.03.05"]
[Source "ChessBase"]
[SourceDate "1998.04.29"]

1. c4 {A16: Englische Eroeffnung} 1... Nf6 2. Nc3 b6 3. e4 d6 4. d3 Bb7 5. Nf3
5... Nbd7 {letzter Buchzug} 6. Be2 g6 7. Bg5 Bg7 8. Qc1 O-O 9. Bh6 Re8 10. Bxg7
Kxg7 11. O-O c5 12. Qf4 Nh5 13. Qe3 e5 14. g3 Nhf6 15. Nh4 Nf8 16. f4 exf4 17.
Qxf4 Ne6 18. Qf2 Qe7 19. Ng2 Ng5 20. Kh1 Bc8 21. Nf4 Nh3 22. Qg2 22... Qd7 $4 (
22... Nxf4 $142 23. Rxf4 23... Be6 $11) 23. Nxh3 $18 23... Qxh3 24. Qxh3 (24.
Qf3 Qe6 25. e5 $18) 24... Bxh3 $11 25. Rf2 a6 26. b3 (26. g4 Bxg4 (26... Nxg4
$143 27. Rf3 $16) 27. Raf1 Bxe2 28. Nxe2 Ng4 29. Rxf7+ 29... Kg8 $11) 26... Ra7
27. Rf4 g5 28. Rf2 Rae7 29. a4 a5 30. Re1 Re6 31. Kg1 h5 (31... Re5 $5 $11) 32.
Bf1 $14 32... Bxf1 33. Rexf1 R8e7 34. h3 34... Kg6 $2 (34... g4 35. Nd5 Nxd5
36. cxd5 $14 (36. exd5 $143 36... Re3 37. hxg4 Rxg3+ 38. Rg2 38... Rxg4 $15))
35. Rf5 (35. Nd5 Nxd5 36. cxd5 Re5 37. Rf6+ Kg7 38. Rxd6 38... Rb7 $18) 35...
g4 (35... Rd7 36. R1f2 $14) 36. h4 Kg7 37. R1f4 (37. R1f4 Rd7 38. Rg5+ Kf8 39.
Nd5 Nxd5 40. Rxd5 $18 (40. exd5 $143 40... Re3 $16)) 1-0

[Event "Bad Woerishofen op"]
[Site "Bad Woerishofen"]
[Date "2001.??.??"]
[Round "2"]
[White "Stiepan, Hans-Michael"]
[Black "Matzat, Andre"]
[Result "1/2-1/2"]
[WhiteElo "1839"]
[BlackElo "2245"]
[Annotator "ChessOrg"]
[PlyCount "91"]
[EventDate "1998.03.05"]
[Source "ChessBase"]
[SourceDate "1998.04.29"]

1. d4 {E16: Damenindisch (Hauptfortsetzung mit Lb4)} 1... Nf6 2. Nf3 e6 3. c4
Bb4+ 4. Bd2 Be7 5. g3 b6 6. Bg2 Bb7 7. O-O c5 8. Bc3 {letzter Buchzug} 8... O-O
9. Nbd2 d5 10. Ne5 Nc6 11. cxd5 Nxd5 12. Nxc6 Bxc6 13. Nf3 Bf6 14. dxc5 Nxc3
15. bxc3 bxc5 16. Qc2 Qa5 17. Ng5 Bxg5 18. Bxc6 Rab8 19. Rab1 Bf6 20. Be4 g6
21. c4 Rfd8 22. Rxb8 Rxb8 23. Rb1 Rb4 24. Rxb4 Qxb4 25. Bf3 a5 26. a4 h5 27. h4
Kg7 28. Kg2 Bc3 29. Bc6 (29. Qd3 $5 $11 $142) 29... Qxc4 $17 30. Qd3 Qd4 31.
Qxd4+ cxd4 32. f4 Kf6 33. Kf3 Be1 34. Bb5 Ke7 35. Bc6 f6 36. Be4 Kf7 37. Bd3 e5
(37... f5 38. Bb5 $17) 38. fxe5 fxe5 39. Be4 Kf6 40. Bd3 g5 41. hxg5+ Kxg5 42.
Be4 Kf6 43. Bd3 Ke6 (43... Bd2 44. Ba6 $15) 44. Bg6 $11 44... Kd5 45. Bf7+ Kc5
46. Bxh5 1/2-1/2

[Event "Bad Woerishofen op"]
[Site "Bad Woerishofen"]
[Date "2001.??.??"]
[Round "5"]
[White "Stiepan, Hans-Michael"]
[Black "Schaffarth, Peter"]
[Result "0-1"]
[WhiteElo "1839"]
[BlackElo "2141"]
[Annotator "ChessOrg"]
[PlyCount "74"]
[EventDate "1998.03.05"]
[Source "ChessBase"]
[SourceDate "1998.04.29"]

1. d4 {E18: Damenindisch (Hauptfortsetzung)} 1... Nf6 2. Nf3 b6 3. g3 Bb7 4.
Bg2 e6 5. c4 Be7 6. O-O O-O 7. Nc3 Ne4 8. Bd2 f5 9. d5 9... Nxc3 {
letzter Buchzug} 10. Bxc3 Bf6 11. Rc1 Bxc3 12. Rxc3 Qf6 13. Qd4 Qxd4 14. Nxd4
e5 15. Nb5 Na6 16. a3 Rf6 17. f4 e4 18. g4 (18. Bh3 18... Kf7 $11) 18... fxg4
19. Bxe4 Re8 20. Bd3 c6 21. dxc6 dxc6 22. Nd4 Nc5 23. e3 Nxd3 (23... Rxe3 $2
24. Bxh7+ Kxh7 25. Rxe3 $18) 24. Rxd3 Rd6 25. Rc3 c5 26. Nb5 Rd2 27. Rf2 Rd1+
28. Rf1 Red8 29. Rc2 (29. Nxa7 29... Be4 $11) 29... a6 30. Nc3 R1d3 31. Re1 Bf3
32. Nd5 (32. b4 32... Kf7 $17) 32... b5 (32... Bxd5 $5 $142 33. cxd5 33...
R3xd5 $17) 33. e4 bxc4 34. Rxc4 Rd2 35. Rxc5 Rg2+ 36. Kf1 Rxh2 37. b4 $4 (37.
Re3 $142 37... Rxb2 38. a4 $17) 37... g3 (37... g3 38. Ne7+ Kh8 39. Rh5 Rxh5
40. Ng6+ hxg6 41. b5 Rh1#) 0-1

[Event "Bad Woerishofen op"]
[Site "Bad Woerishofen"]
[Date "2001.??.??"]
[Round "6"]
[White "Stiepan, Hans-Michael"]
[Black "Glas, Stefan"]
[Result "1-0"]
[WhiteElo "1839"]
[BlackElo "2119"]
[Annotator "ChessOrg"]
[PlyCount "59"]
[EventDate "1998.03.05"]
[Source "ChessBase"]
[SourceDate "1998.04.29"]

1. d4 {D18: Damengambit (Slawische Verteidigung, Hauptvariante)} 1... Nf6 2.
Nf3 d5 3. c4 c6 4. Nc3 dxc4 5. a4 Bf5 6. e3 e6 7. Bxc4 Bb4 8. Qb3 Qe7 9. Bd2
O-O 10. O-O c5 11. dxc5 {letzter Buchzug} 11... Bxc5 (11... Qxc5 $2 12. Ne4
Bxe4 13. Bxb4 $18 (13. Qxb4 $143 13... Qh5 $15)) 12. Rfd1 Nc6 13. Nb5 Ne4 14.
Be1 Bg4 15. Be2 Rfd8 16. Qc4 Nf6 17. Bc3 e5 18. Nc7 Rac8 19. Nd5 Nxd5 20. Rxd5
(20. Qxg4 $5 20... Nxc3 21. bxc3 $11) 20... Be6 $15 21. Rxd8+ Rxd8 22. Qe4 f5
23. Qc2 Nb4 24. Bxb4 Bxb4 25. Bc4 (25. Nxe5 $4 25... Rd2 26. Qc1 26... Rxe2 $19
) 25... Qd6 $4 (25... Rc8 $142 26. Nxe5 26... Rc5 $11) 26. Ng5 $18 26... Bd5 (
26... Bxc4 27. Qxc4+ Qd5 28. Qxb4 28... e4 $18) 27. Rd1 Qc6 28. Bxd5+ (28. Rxd5
$142 28... Rxd5 29. Qxf5 $18 (29. Bxd5+ Qxd5 30. g3 30... e4 $14)) 28... Rxd5
29. Qb3 Bd2 30. Nf3 (30. Nf3 Kh8 31. Nxd2 $18) 1-0

[Event "Bad Woerishofen op"]
[Site "Bad Woerishofen"]
[Date "2001.??.??"]
[Round "9"]
[White "Stiepan, Hans-Michael"]
[Black "Klein, Thomas"]
[Result "1-0"]
[WhiteElo "1839"]
[BlackElo "1496"]
[Annotator "ChessOrg"]
[PlyCount "21"]
[EventDate "1998.03.05"]
[Source "ChessBase"]
[SourceDate "1998.04.29"]

1. d4 {D38: Damengambit (Ragosin-Verteidigung)} 1... Nf6 2. Nf3 e6 3. c4 d5 4.
Nc3 Bb4 5. Bg5 Nbd7 6. e3 6... O-O {letzter Buchzug} 7. Qc2 h6 8. Bh4 Qe8 9.
Bd3 dxc4 10. Bxc4 10... Ne4 $4 (10... a6 $14 $142) 11. Qxe4 $18 (11. Qxe4 Nb6
12. Bb3 $18) 1-0

[Event "Bad Woerishofen op"]
[Site "?"]
[Date "2001.??.??"]
[Round "1"]
[White "Stierle, Martin"]
[Black "Heinzel, Olaf"]
[Result "0-1"]
[WhiteElo "1945"]
[BlackElo "2374"]
[Annotator "ChessOrg"]
[PlyCount "68"]
[EventDate "2000.??.??"]

1. d4 {A46: Damenbauernspiele} 1... Nf6 2. Nf3 b5 3. e3 3... a6 {
letzter Buchzug} 4. Bd3 Bb7 5. Nbd2 e6 6. O-O c5 7. c3 d6 8. Qe2 Nbd7 9. a4 c4
10. Bc2 Be7 11. Ne1 O-O 12. e4 e5 13. dxe5 (13. axb5 axb5 14. Rxa8 14... Bxa8
$11) 13... dxe5 14. Kh1 Qc7 15. f4 exf4 16. Ndf3 Bd6 17. axb5 axb5 18. Rxa8
Bxa8 19. Nd4 Qb8 20. Nf5 Bc7 21. Qf3 Re8 22. Qh3 (22. Bxf4 $5 22... Bxf4 23.
Qxf4 Qxf4 24. Rxf4 $17) 22... Bxe4 $19 (22... Nxe4 $6 23. Bxe4 Bxe4 24. Nxg7
Kxg7 25. Qxd7 $17) 23. Bxe4 Nxe4 24. Nh6+ gxh6 25. Qxd7 Nf2+ 26. Kg1 Bb6 27.
Nf3 Be3 (27... Rd8 28. Qf5 Qd6 29. Nd4 $19) 28. Rxf2 Bxc1 29. Qg4+ Kh8 30. Rc2
(30. Kh1 Qd6 31. Ng1 31... Qd3 $19) 30... Be3+ (30... Qa7+ $142 31. Kh1 31...
Qa1 $19) 31. Kf1 Qa8 32. Qd7 Qe4 33. Qxf7 $4 (33. Re2 Rg8 34. Nd2 34... Qe8 $17
) 33... Bc5 (33... Bb6 $142 34. Qd7 Rd8 (34... Qxc2 35. Qxe8+ Kg7 36. Qd7+ Kf6
37. Qc6+ Ke7 38. Qxb6 Qd3+ 39. Ke1 Qb1+ 40. Ke2 Qd3+ 41. Kf2 Qc2+ 42. Kg1 Qd1+
43. Kf2 Qc2+ 44. Ke1 Qb1+ 45. Kd2 Qd3+ 46. Kc1 Qf1+ 47. Kc2 Qd3+ 48. Kc1 Qf1+
49. Kc2 Qd3+ 50. Kc1 $11) 35. Qxd8+ 35... Bxd8 $19) 34. Qf6+ $4 (34. Qd7 $17
$142) 34... Kg8 $19 (34... Kg8 35. Ne5 Rxe5 (35... Qxc2 36. Qf7+ Kh8 37. Qxe8+
Kg7 38. Qf7+ Kh8 39. Qf6+ Kg8 40. Qe6+ Kg7 41. Qg4+ Kf6 42. Nd7+ (42. Qxf4+ $2
42... Ke6 43. Qxh6+ Kxe5 44. Qg7+ Ke6 45. Qg8+ Kf6 46. Qd8+ Kg6 47. Qe8+ Kg5
48. Qd8+ Kh6 49. Qf6+ Qg6 50. Qxg6+ 50... hxg6 $19) 42... Ke7 43. Nxc5 Qc1+ 44.
Ke2 Qe3+ 45. Kd1 Qxc5 46. Qg7+ Ke6 47. Qxh6+ Kd5 48. Qg5+ Kc6 49. Qxf4 $11) (
35... Qxe5 $143 36. Qxe5 Rxe5 37. b4 cxb3 38. Rb2 $19) 36. Qd8+ Kg7 37. Qd7+
Kh8 38. Qd8+ Re8 39. Qxe8+ 39... Qxe8 $19) 0-1

[Event "Bad Woerishofen op"]
[Site "Bad Woerishofen"]
[Date "2001.??.??"]
[Round "3"]
[White "Stierle, Martin"]
[Black "Schmitt, Karl"]
[Result "1/2-1/2"]
[WhiteElo "1945"]
[BlackElo "1802"]
[Annotator "ChessOrg"]
[PlyCount "38"]
[EventDate "1998.03.05"]
[Source "ChessBase"]
[SourceDate "1998.04.29"]

1. d4 {B13: Caro-Kann (Abtausch-Variante 4.c4)} 1... c5 2. e3 cxd4 3. exd4 d5
4. Bd3 Nc6 5. c3 Qc7 6. Ne2 Bg4 7. O-O {letzter Buchzug} 7... e6 8. Qa4 a6 9.
Bf4 Bd6 10. Bxd6 Qxd6 11. Nd2 Nf6 12. h3 Bh5 13. Ng3 Bg6 14. Qc2 Rc8 15. Qb1
Bxd3 16. Qxd3 O-O 17. f4 Rfe8 18. Nb3 Nd7 19. Rae1 b5 1/2-1/2

[Event "Bad Woerishofen op"]
[Site "Bad Woerishofen"]
[Date "2001.??.??"]
[Round "5"]
[White "Stierle, Martin"]
[Black "Walke, Guenter"]
[Result "1/2-1/2"]
[WhiteElo "1945"]
[BlackElo "1747"]
[Annotator "ChessOrg"]
[PlyCount "27"]
[EventDate "1998.03.05"]
[Source "ChessBase"]
[SourceDate "1998.04.29"]

1. d4 {A84: Hollaendische Verteidigung} 1... d5 2. Nf3 e6 3. e3 f5 4. c4 c6 5.
Nc3 Bd6 6. Be2 Nf6 7. O-O O-O 8. b3 Nbd7 9. Bb2 Ne4 10. Nb1 {letzter Buchzug}
10... Qe7 11. Ne5 f4 (11... Nxe5 12. dxe5 Bc7 13. Qc2 $11) 12. Nd2 (12. exf4
Rxf4 13. Nd2 Nxe5 14. dxe5 Ba3 15. Bxa3 15... Qxa3 $14) 12... fxe3 (12... Nxd2
13. Qxd2 Nxe5 14. dxe5 $11) 13. Nxe4 dxe4 14. fxe3 1/2-1/2